Szczegóły MARC21

Slovnik sinonimiv ukraïns'koï movi /

005 -DATA I CZAS OSTATNIEJ MODYFIKACJI [,]
    • @
    • pole kontrolne
    • 20080820083823.0
020 -Międzynarod. znormalizowany nr książki - ISBN [ , ]
    • a
    • Numer ISBN
    • 9789665072072 Find
040 -Instytucja sporządzająca opis [ , ]
    • a
    • Instytucja, która sporządziła opis (NP)
    • SZCZ U/BS
    • c
    • Instytucja, która sporządziła rekord (NP)
    • SZCZ U/BS
    • d
    • Instytucja, która zmodyfikowała rekord (P)
    • SZCZ U/BB
041 -Język dokumentu [0, ]
    • a
    • Język tekstu (P)
    • ukraiński
044 -Kraj miejsca wydania [ , ]
    • a
    • Kraj miejsca wydania
    • Ukraina
942 -Rodzaj dokumentu [ , ]
    • c
    • Rodzaj dokumentu
    • Książka
100 -Hasło główne - nazwa osobowa [1, ]
    • a
    • Nazwa osobowa (NP)
    • Polûga, Levko Mihajlovič.
245 -Strefa tytułu i oznaczenia odpowiedzialności [1,0]
    • a
    • Tytuł
    • Slovnik sinonimiv ukraïns'koï movi / Find
    • c
    • Pozostałe elementy strefy tytułu i oznaczenia odpowiedzialności (NP)
    • L. M. Polûga ; Nacïonal'na Akademiâ Nauk Ukraïni. Ínstitut ukraïnoznavstva im. Í. Krip'âkeviča. Ukraïns'kij movno-informacíjnij fond.
250 -Strefa wydania [ , ]
    • a
    • Oznaczenie wydania (NP)
    • Vid. 3.
260 -Strefa adresu wydawniczego [ , ]
    • a
    • Miejsce wydania (P)
    • Kiïv :
    • b
    • Nazwa wydawcy (P)
    • Vidavnictvo "Dovira",
    • c
    • Data wydania (P)
    • 2007.
300 -Strefa opisu fizycznego [ , ]
    • a
    • Określenie formy książki i/lub objętość (NP)
    • 477 s. ;
    • c
    • Format (NP)
    • 17 cm.
440 -Strefa serii i książki wielotomowej - forma do wyszukiwania [ ,0]
    • a
    • Tytuł (NP)
    • Slovniki Ukraïni Find
504 -Uwaga dot. bibliogr. załącznikowej [ , ]
    • a
    • Uwaga dot. bibliografii załącznikowej
    • Bibliogr.
546 -Uwaga dot. języka [ , ]
    • a
    • Uwaga dot. języka
    • Tekst ukr.
    • b
    • Uwaga dot. alfabetu
    • Alfabet cyrylicki.
080 -Uniwersalna Klasyfikacja Dziesiętna [ , ]
    • 2
    • Identyfikator wydania tablic
    • UDC-P058
    • a
    • Symbol klasyfikacji
    • 811.161.2'373.421'374
    • b
    • Dopowiedzenie
    • Język ukraiński. - Słowniki synonimów.
980 -Symbol UKD [ , ]
    • a
    • UKD
    • 811.161.2'373.421'374
920 -ISBN [ , ]
    • a
    • ISBN
    • 978-966-507-207-2 Find
Sygnatura Numer inwentarzowy Status udost. Data inwentaryzacji Lokalizacja
UKR. Słow. jęz. ukraińskiego 05P.2125512008-07-14BM